| 000 | 01461nam a22001817a 4500 | ||
|---|---|---|---|
| 003 | NUST | ||
| 005 | 20240923101426.0 | ||
| 082 | _a005.1,SHA | ||
| 100 |
_aShahzad, Waseem _9123327 |
||
| 245 |
_aDigital OBE Support System (OBE) / _cWaseem Shahzad, Hashir Iqbal, Ali Tahir, Faizan Yousaf. |
||
| 260 |
_aMCS, NUST _bRawalpindi _c2024 |
||
| 300 | _a132 p | ||
| 505 | _aThis project innovates in revolutionizing the OBE systems through a unified support mechanism for the teachers. It specifically focuses on the development and administration of course outlines, university and entity administration, addition, and mapping of Course Learning Outcomes (CLOs), Program Learning Outcomes (PLOs), and Program Educational Objectives (PEOs) that will be produced within the application. The optional feature of authentication and authorization is used so that this part is secure for access. The project supports the development and mapping of assessments through some pedagogical tools. It can also enhance the efficiency of the educational process. To meet accreditation, this system incorporates a dynamic approval mechanism that fast-tracks the process of approval. These new features will boost quality-insurance mechanisms of education within the OBE framework and, therefore, make the environment more agile and responsive. | ||
| 650 |
_aUG BESE _9114271 |
||
| 651 |
_aBESE-26 _9125902 |
||
| 700 |
_aSupervisor Dr. Ayesha Maqbool _9125967 |
||
| 942 |
_2ddc _cPR |
||
| 999 |
_c611655 _d611655 |
||